[Event "Netanya op"]
[Site "Netanya"]
[Date "2019.07.02"]
[Round "9"]
[White "Volkov, Yuri"]
[Black "Scheinfeild, Michael"]
[Result "1-0"]
[WhiteElo "1886"]
[BlackElo "1582"]
[PlyCount "123"]
[EventDate "2019.06.23"]
[EventType "swiss"]
[EventRounds "9"]
[EventCountry "ISR"]
[SourceTitle "EXT 2020"]
[Source "ChessBase"]
[SourceDate "2019.10.17"]
[SourceVersion "1"]
[SourceVersionDate "2019.10.17"]
[SourceQuality "1"]

1. d4 Nf6 2. Nf3 g6 3. Bg5 Bg7 4. Nc3 d5 5. Bxf6 Bxf6 6. e4 dxe4 7. Nxe4 Bg7 8. Bc4 0-0 9. h3 Nc6 10. c3 Na5 11. Bd3 Bf5 12. Nc5 Bxd3 13. Nxd3 Nc6 14. 0-0 e6 15. Re1 b5 16. Qb3 a6 17. a4 Rb8 18. axb5 axb5 19. Ra6 Ne7 20. Nb4 Qd7 21. Rea1 Nd5 22. Nd3 Qe7 23. R1a5 b4 24. c4 Nf6 25. Nfe5 Rb6 26. Rxb6 cxb6 27. Ra4 Ne4 28. Qxb4 Qg5 29. Qe1 f5 30. Ra7 Rd8 31. Qe3 Qh5 32. f3 Bh6 33. Qe1 Nf6 34. Nc6 Re8 35. Ne7+ Kh8 36. Qxe6 Qg5 37. f4 Qh4 38. Qe3 Ne4 39. Nd5 g5 40. Ne5 gxf4 41. Nf7+ Kg8 42. Nxh6+ Qxh6 43. Qxf4 Qxf4 44. Nxf4 Nd2 45. Nd5 Re1+ 46. Kf2 Rb1 47. Ne7+ Kf8 48. Nxf5 Rxb2 49. Rxh7 Nxc4+ 50. Kf3 Nd2+ 51. Kf4 b5 52. d5 Nc4 53. g4 Rd2 54. d6 Ke8 55. Rb7 Na3 56. g5 Rf2+ 57. Kg4 Nc4 58. Ng7+ Kf8 59. Ne6+ Kg8 60. d7 Ne5+ 61. Kg3 Rf3+ 62. Kg2 1-0

[Event "Netanya op"]
[Site "Netanya"]
[Date "2019.06.27"]
[Round "5"]
[White "Scheinfeild, Michael"]
[Black "Lisnovetzky, Daniel"]
[Result "1-0"]
[WhiteElo "1582"]
[BlackElo "1314"]
[PlyCount "40"]
[EventDate "2019.06.23"]
[EventType "swiss"]
[EventRounds "9"]
[EventCountry "ISR"]
[SourceTitle "CBM 191 Extra"]
[Source "ChessBase"]
[SourceDate "2019.09.30"]
[SourceVersion "1"]
[SourceVersionDate "2019.09.30"]
[SourceQuality "1"]

1. Nf3 Nf6 2. d4 c5 3. e3 e6 4. c4 d5 5. Nc3 Nc6 6. Be2 b6 7. 0-0 g6 8. cxd5 exd5 9. Bb5 Bb7 10. Ne5 Qc7 11. Qf3 Bg7 12. Nxd5 Nxd5 13. Qxd5 0-0 14. Nxc6 Rfd8 15. Qe4 cxd4 16. exd4 a6 17. Bf4 Rxd4 18. Qxd4 Bxd4 19. Bxc7 Bxc6 20. Bxc6 Rc8 1-0